| 000 | 00481nam a2200169Ia 4500 | ||
|---|---|---|---|
| 003 | OSt | ||
| 005 | 20230628164210.0 | ||
| 008 | 210423s9999 xx 000 0 und d | ||
| 040 | _cAL | ||
| 041 | _aeng | ||
| 082 |
_a370 CBWM _223 |
||
| 245 | _aRules and regulations of central board for workers education. | ||
| 260 |
_bCentral Institute of Indian Language _c2003 |
||
| 365 | _cINR | ||
| 906 | _aboard ; central ; education. ; regulations ; Rules ; workers | ||
| 942 |
_2ddc _cBK |
||
| 999 |
_c173744 _d173744 |
||